00796cam a2200241u 450000100060000000300080000600500170001400800410003103500190007204000280009104100080011908200220012710000300014924500580017926000450023730000210028265000240030365000240032765000290035194200120038099900170039295201450040933197BD-RjUL20211209051950.0140430s1956 mdu 000 0 eng  a(BD-RjUL)33288 aDLCcCarPdBD-RjULbeng aeng a297.83bSAP 19561 aSalem, Elie Adib.910082600aPolitical theory and institutions of the Khawārij / aBaltimore :bJohns Hopkins Press,c1956. a117 p. :c23 cm. 0aKharijites.9100827 0aState, The.9100828 0aIslamic sociology.95672 2ddccBK c33197d33197 00102ddc40718NFICaRUCLbRUCLcReadingd1966-11-26eMahmmad ASHRAFg15.00l0o297.83 SAP 1956r2014-04-30 00:00:00tC-1w2014-04-30yBK